|
|
|
|
| LEADER |
01615nam a22004452a 4500 |
| 001 |
001902302 |
| 003 |
CZ BrMZK |
| 005 |
20240718084953.0 |
| 007 |
ta |
| 008 |
240718s1999 xr er|||||||||||cze d |
| 015 |
|
|
|a cnb000816528
|
| 020 |
|
|
|a 80-902355-4-9
|q (brož.)
|z 80-902355-4-90
|z 8-902355-4-9
|
| 035 |
|
|
|a (OCoLC)44148387
|
| 040 |
|
|
|a ABA001
|b cze
|
| 041 |
0 |
|
|a cze
|b eng
|b ger
|b pol
|
| 043 |
|
|
|a e-cs---
|
| 045 |
|
|
|a x3x4
|
| 072 |
|
7 |
|a 323
|x Vnitropolitický vývoj, politický život
|2 Konspekt
|9 15
|
| 080 |
|
|
|a 323.1
|2 MRF
|
| 080 |
|
|
|a 328/329
|2 MRF
|
| 080 |
|
|
|a (048.8)
|2 MRF
|
| 100 |
1 |
|
|a Gawrecki, Dan,
|d 1943-2025
|7 jk01032345
|4 aut
|
| 245 |
1 |
0 |
|a Politické a národnostní poměry v Těšínském Slezsku 1918-1938 /
|c Dan Gawrecki
|
| 260 |
|
|
|a Český Těšín :
|b Muzeum Těšínska,
|c 1999
|
| 300 |
|
|
|a 403 s. ;
|c 21 cm
|
| 490 |
1 |
|
|a Studie o Těšínsku ;
|v 15
|
| 500 |
|
|
|a Zkratky
|
| 500 |
|
|
|a Anglické, německé a polské resumé
|
| 500 |
|
|
|a Poznámky
|
| 504 |
|
|
|a Bibliografie na s.381-390
|
| 648 |
|
7 |
|a 1918-1938
|7 ch460648
|2 czenas
|
| 651 |
|
7 |
|a Těšínské Slezsko
|7 ge128598
|x politika a vláda
|y 1918-1938
|2 czenas
|
| 651 |
|
7 |
|a Těšínské Slezsko
|7 ge128598
|x národnostní poměry
|2 czenas
|
| 655 |
|
7 |
|a studie
|7 fd133597
|2 czenas
|
| 830 |
|
0 |
|a Studie o Těšínsku
|0 s
|
| 856 |
4 |
1 |
|u http://www.digitalniknihovna.cz/mzk/uuid/uuid:e045b540-5ac6-11e9-ace0-005056827e51
|y Digitalizovaný dokument
|x NDK
|
| 910 |
|
|
|a BOA001
|b 2-1528.422
|
| 990 |
|
|
|a BK
|
| 991 |
|
|
|b 202407
|
| 996 |
6 |
|
|b 2610107160
|c 2-1528.422
|l MZK
|r Sklad / do 1 hodiny
|n 0
|w 001971144
|u 000010
|a 1
|e BOA001
|j MZK50
|s P
|